| 000 | 00429 a2200133 4500 | ||
|---|---|---|---|
| 001 | 90451 | ||
| 082 | _aPR 919 | ||
| 090 |
_c42784 _d42784 |
||
| 100 | _aMalik M Rafique; Zaidi SM and khalid parvez, advisors | ||
| 245 |
_aTo study the axial flow compressor by actuator disc theory _nG-23 |
||
| 260 |
_aKarachi, Korangi Creek _bNED University _c1988 |
||
| 300 |
_axiv, 144 p. _bhand written manuscript |
||
| 500 | _aBE Project Reports | ||
| 942 |
_aCAE NUST _kPR 919 |
||
| 999 |
_c325524 _d325524 |
||